00688nam a2200193I 4500001000700000003000400007005001700011008004100028010001300069040003200082082001800114130005900132245009000191260004300281300001800324700003000342730006100372730006100433297146OSt20180922115802.0720501s1967 ilu |||||||eng c a67006593 aRio Grande College LibcDLC a223.2bT2381L00aBible. O.T. Psalms. English. Paraphrases. 1967. Taylor10aLiving Psalms and Proverbs with the major prophets,cparaphrased by Kenneth N. Taylor a[Wheaton, Ill.,bTyndale House,c1967] a755 p.c18 cm10aTaylor, Kenneth Nathaniel01aBible. O.T. Proverbs. English. Paraphrases. 1967. Taylor01aBible. O.T. Prophets. English. Paraphrases. 1967. Taylor